书目信息 |
| 题名: |
电工学
|
|
| 作者: | 孔庆鹏 主编 ;辛青 , 查丽斌 , 李自勤 编著 | |
| 分册: | 上册 电工技术基础 | |
| 出版信息: | 北京 电子工业出版社 2015.08 |
|
| 页数: | 204页 | |
| 开本: | 26cm | |
| 丛书名: | ||
| 单 册: | ||
| 中图分类: | TM-43 | |
| 科图分类: | ||
| 主题词: | 电工技术--高等学校--教材 | |
| 电子资源: | 9787121258411.jpg | |
| ISBN: | 978-7-121-25841-1 | |
| 000 | 01191nam0 2200313 450 | |
| 001 | 012015100420 | |
| 005 | 20170605162456.31 | |
| 010 | @a978-7-121-25841-1@dCNY29.90 | |
| 092 | @aCN@b人天695-3947 | |
| 100 | @a20150909d2015 ekmy0chiy50 ea | |
| 101 | 0 | @achi |
| 102 | @aCN@b110000 | |
| 105 | @aa z 000yy | |
| 106 | @ar | |
| 200 | 1 | @a电工学@9dian gong xue@h上册@i电工技术基础@f孔庆鹏主编@g辛青,查丽斌,李自勤编著 |
| 210 | @a北京@c电子工业出版社@d2015.08 | |
| 215 | @a204页@c图@d26cm | |
| 300 | @a普通高等教育“十二五”规划教材 电工电子基础课程规划教材 | |
| 330 | @a本书是高等学校非电专业电工学系列教材(4本)的第一部分,主要介绍电路基础知识、变压器与电机及其控制等内容。本书一共8章,主要包括:直流电路、动态电路、交流稳态电路、供配电技术基础、磁路与变压器、电动机、继电接触器控制系统、可编程控制器及应用等。 | |
| 333 | @a高校电工电子专业师生 | |
| 606 | 0 | @a电工技术@x高等学校@j教材 |
| 690 | @aTM-43@v5 | |
| 701 | 0 | @a孔庆鹏@9kong qing peng@4主编 |
| 702 | 0 | @a辛青@9xin qing@4编著 |
| 702 | 0 | @a查丽斌@9cha li bin@4编著 |
| 702 | 0 | @a李自勤@9li zi qin@4编著 |
| 801 | 0 | @aCN@b人天书店@c20150909 |
| 856 | @u9787121258411.jpg | |
| 905 | @b991632-35@dTM-43@e102:1@f4 | |
| 电工学.上册.电工技术基础/孔庆鹏主编/辛青,查丽斌,李自勤编著.-北京:电子工业出版社,2015.08 |
| 204页:图;26cm |
| 普通高等教育“十二五”规划教材 电工电子基础课程规划教材.-使用对象:高校电工电子专业师生 |
| ISBN 978-7-121-25841-1:CNY29.90 |
| 本书是高等学校非电专业电工学系列教材(4本)的第一部分,主要介绍电路基础知识、变压器与电机及其控制等内容。本书一共8章,主要包括:直流电路、动态电路、交流稳态电路、供配电技术基础、磁路与变压器、电动机、继电接触器控制系统、可编程控制器及应用等。 |
| ● |
| 相关链接 |
|
|
|
|
正题名:电工学
索取号:TM-43/102:1
 
预约/预借
| 序号 | 登录号 | 条形码 | 馆藏地/架位号 | 状态 | 备注 |
| 1 | 991632 | 209916322 | 第二样本阅览室/ [索取号:TM-43/102:1] | 在馆 | |
| 2 | 991633 | 209916331 | 密集书库-物理学院/ [索取号:TM-43/102:1] | 在馆 | |
| 3 | 991634 | 209916340 | 第三借阅区/ [索取号:TM-43/102:1] | 在馆 | |
| 4 | 991635 | 209916359 | 第三借阅区/ [索取号:TM-43/102:1] | 在馆 |